000 00749nam a2200265Ia 4500
005 20260121170852.0
008 008 260114s9999 xx 000 0 eng d
020 _a9783319994895
037 _aEBOOK
040 _aCRL
040 _beng
040 _cCRL
041 _2eng
041 _aeng
084 _qCRL
100 _aJohn Guaschi, Daniel Juan-Pineda, Silvia Millán López
_91069174
245 4 _aThe Lower Algebraic K-Theory of Virtually Cyclic Subgroups of the Braid Groups of the Sphere and of ZB4(S2)
260 _bSpringer
260 _bSpringer
260 _c2018
856 _uhttps://link.springer.com/openurl?genre=book&isbn=978-3-319-99489-5
942 _cEBOOK
999 _c1634904
_d1634904